000 00591nam a22002057a 4500
003 OSt
005 20140310181717.0
008 130213t xxu||||| |||| 00| 0 eng d
020 _a0553201212
050 _aML 420
_b.G213 1980
082 _aM 927.8242
_bG16 1980
245 _aStrawberry fields forever :
_bJohn Lennon remembered
_cGarbarini, Vic; Cullman, Brian; Graustark, Barbara
260 _aNew York :
_bBantam Books,
_cc1980.
300 _a177 p.
_c18 cm.
_bill. ;
521 _aCollege Students
526 _c1210L-1700L
541 _j1
562 _e1
942 _2lcc
_cBK
_kM
999 _c1845
_d1845